The USA--a history in art /

Reproductions of paintings and sculptures from each period provide a visual chronicle, with commentary, of life on the continent from the second millenium B.C. to the mid-twentieth century.

Bibliographic Details
Main Author: Smith, Bradley, 1910-1997
Format: Book
Language:English
Published: New York : Crowell, ©1975.
Series:Gemini Smith Inc. book.
Subjects:

MARC

Tag First Indicator Second Indicator Subfields
LEADER 00000cam a2200000 i 4500
001 in00000369921
005 20231103154514.3
008 751114s1975 nyua b 001 0 eng
010 |a  75006016  
016 |a (AMICUS)000000959043 
019 |a 1872194  |a 82547249  |a 150616383  |a 256057795  |a 682028716  |a 911792154  |a 1017194680 
020 |a 0690009666 
020 |a 9780690009668 
029 1 |a GBVCP  |b 229817793 
029 1 |a HEBIS  |b 121799530 
029 1 |a NZ1  |b 3531649 
029 1 |a NLC  |b 000000959043 
035 |a (OCoLC)ocm01958042 
035 |a (OCoLC)1958042  |z (OCoLC)1872194  |z (OCoLC)82547249  |z (OCoLC)150616383  |z (OCoLC)256057795  |z (OCoLC)682028716  |z (OCoLC)911792154  |z (OCoLC)1017194680 
035 |a (OCoLC)ocm01958042 
040 |a DLC  |b eng  |c DLC  |d EL$  |d BTCTA  |d CWS  |d SC1  |d GBVCP  |d P4I  |d OCLCF  |d DBB  |d OCLCQ  |d WLU  |d NLC  |d OCLCQ  |d TYC  |d OCLCQ  |d JDP  |d OCLCO  |d OCLCQ  |d OCL  |d CBA  |d OCLCO  |d L6A  |d IL4J6  |d OCLCO  |d YKN  |d OCLCO 
043 |a n-us--- 
050 0 0 |a N6505  |b .S54 1975 
082 0 0 |a 704.94/9/973 
084 |a 20.54  |2 bcl 
100 1 |a Smith, Bradley,  |d 1910-1997. 
245 1 4 |a The USA--a history in art /  |c by Bradley Smith. 
260 |a New York :  |b Crowell,  |c ©1975. 
300 |a 296 pages :  |b color illustrations ;  |c 33 cm. 
336 |a text  |b txt  |2 rdacontent 
337 |a unmediated  |b n  |2 rdamedia 
338 |a volume  |b nc  |2 rdacarrier 
490 1 |a A Gemini Smith Inc. book 
504 |a Includes bibliographical references (page 294) and index. 
505 0 |a Acknowledgements-Preface-Introduction to the Art of the U.S.A / by Dr. Louis C. and Agnes Halsey Jones-Introduction to the History of the U.S.A / by Dr. David Burner and Dr. Robert D. Marcus-2000 B.C. -- 1500 A.D., The First Americans-1492-1629, The Explorers-1629-1764, The Settlements-1764-1800, Revolution and Independence-1800-1827, The Rising Country-1827-1848, Expansion and Growing Pains-1848-1861, From Sea to Shining Sea-1861-1865, The War Between the States-1865-1900, The Gilded Age-1900-1929, The Country United-1929-1945, Only Yesterday-The Works of Art-Bibliography-Index. 
520 |a Reproductions of paintings and sculptures from each period provide a visual chronicle, with commentary, of life on the continent from the second millenium B.C. to the mid-twentieth century. 
650 0 |a Art, American. 
651 0 |a United States  |v In art. 
651 0 |a United States  |x History  |v Pictorial works. 
651 4 |a EE. UU.  |x Historia  |x Trabajos pictóricos. 
650 6 |a Art américain. 
650 6 |a Etats-Unis dans l'art. 
651 6 |a États-Unis  |x Histoire  |x Ouvrages illustrés. 
650 7 |a Art, American.  |2 fast  |0 (OCoLC)fst00815895 
651 7 |a United States.  |2 fast  |0 (OCoLC)fst01204155 
650 7 |a Art, American.  |2 nli 
651 7 |a United States  |v In art.  |2 nli 
651 7 |a United States  |x History  |v Pictorial works.  |2 nli 
650 7 |a American art.  |2 sears 
653 0 |a Art, American 
653 0 |a United States  |a In art 
653 0 |a United States  |a Pictorial works  |a History 
655 7 |a illustrated books.  |2 aat 
655 7 |a Illustrated works.  |2 fast  |0 (OCoLC)fst01423873 
655 7 |a Art.  |2 fast  |0 (OCoLC)fst01423702 
655 7 |a History.  |2 fast  |0 (OCoLC)fst01411628 
655 7 |a Pictorial works.  |2 fast  |0 (OCoLC)fst01423874 
655 7 |a Illustrated works.  |2 lcgft 
655 7 |a Ouvrages illustrés.  |2 rvmgf 
776 0 8 |i Online version:  |a Smith, Bradley, 1910-  |t USA--a history in art.  |d New York : Crowell, ©1975  |w (OCoLC)562915253 
830 0 |a Gemini Smith Inc. book. 
938 |a Baker and Taylor  |b BTCP  |n 75006016  |c $30.00 
948 |h HELD BY TXA - 686 OTHER HOLDINGS 
994 |a Z0  |b TXA 
999 f f |s 1470724b-c852-38f0-aa62-c97c630c0215  |i 5c474bb1-6b70-3da2-a741-db383acb6021  |t 0 
952 f f |p noncirc  |a Texas A&M University  |b College Station  |c Cushing Memorial Library & Archives  |d Cushing: Dykes (Does not check out)  |t 0  |e N6505 .S54 1975  |f Oversize  |h Library of Congress classification  |i unmediated -- volume  |m A14853124285 
998 f f |a N6505 .S54 1975  |t 0  |l Cushing: Dykes (Does not check out)